| 000 | 00711nas a2200253 i 4500 | ||
|---|---|---|---|
| 001 | 2571 | ||
| 003 | ES-MaACL | ||
| 005 | 20250709054510.0 | ||
| 007 | t| | ||
| 008 | 950801d18811897sp | | 1 ||pa d | ||
| 080 | _a(059)(460) | ||
| 245 | 0 | 0 | _aAlmanaque asturiano de El Carbayón. |
| 260 |
_aOviedo : _bEl Carbayón, _c1881-1897. |
||
| 300 |
_a1 v. ; _c21 cm. |
||
| 310 | _aAnual | ||
| 362 | 0 | _a[1881]-t. 14 (1897) | |
| 655 | 0 |
_aAlmanaques _9241262 |
|
| 710 | 2 |
_aEl Carbayon (Oviedo) _93453 |
|
| 740 | 0 | _aAlmanaque asturiano y guía-indicador de Oviedo y su provincia. | |
| 852 |
_aES-MaACL _cDEPOF _jT-467-F-16 |
||
| 866 | 0 | _o1888. | |
| 942 |
_2udc _cPERIODICA _n0 |
||
| 999 |
_c2571 _d2571 |
||